| 000 | 00900nac a22002651i 4500 | ||
|---|---|---|---|
| 003 | EG-ScBUE | ||
| 005 | 20231101113312.0 | ||
| 008 | 231101s1962 caua f b 000 0 eng d | ||
| 035 | _a(OCoLC)1099772 | ||
| 040 |
_aEG-ScBUE _beng _erda _cEG-ScBUE _dEG-ScBUE |
||
| 082 | 0 | 4 |
_a925 _bESP _222 |
| 100 | 1 |
_a'Espinasse, Margaret, _eauthor. |
|
| 245 | 1 | 0 |
_aRobert Hooke / _bBy Margaret 'Espinasse. |
| 264 | 1 |
_aBerkeley, Calif., _bUniversity of California Press, _c1962. |
|
| 300 |
_avii, 192 pages : _billustrations ; _c23 cm |
||
| 336 |
_2rdacontent _atext _btxt |
||
| 337 |
_2rdamedia _aunmediated _bn |
||
| 338 |
_2rdacarrier _avolume _bnc |
||
| 504 | _aIncludes bibliographical references. | ||
| 600 | 1 | 7 |
_aHooke, Robert, _d1635-1703. _2BUEsh |
| 650 | 7 |
_2BUEsh _aScientists _zGreat Britain _vBiography. |
|
| 655 | _vReading book | ||
| 942 |
_cBB _2ddc |
||
| 999 |
_c2979 _d2979 |
||